Governance matters III: governance indicators for 1996, 1998, 2000, and 2002 (Record no. 62710)

000 -LEADER
fixed length control field 01364pab a2200169 454500
008 - FIXED-LENGTH DATA ELEMENTS--GENERAL INFORMATION
fixed length control field 180718b2004 xxu||||| |||| 00| 0 eng d
100 ## - MAIN ENTRY--PERSONAL NAME
Personal name Kaufmann, Daniel
245 ## - TITLE STATEMENT
Title Governance matters III: governance indicators for 1996, 1998, 2000, and 2002
260 ## - PUBLICATION, DISTRIBUTION, ETC.
Date of publication, distribution, etc. 2004
300 ## - PHYSICAL DESCRIPTION
Extent p.253-87.
520 ## - SUMMARY, ETC.
Summary, etc. Six dimensions of governance are estimated covering 199 countries and territories for four periods: 1996, 1998, 2000, and 2002. The indicators are based on several hundred individual variables measuring perceptions of governance drawn from 25 data sources constructed by 18 organizations. These individual measures are assigned to categories capturing key dimensions of governance. An unobserved-components model is used to construct six aggregate governance indicators in each of the four periods. Point estimates of the dimensions of governance are provided as well as the margins of errors for each country for the four periods. Methodological issues are also addressed, including tests for potential biases, and the interpretation and use of the data, given the estimated margins of errors for the indicators. The data and a Web-based graphical interface are available online at www. - Reproduced.
650 ## - SUBJECT ADDED ENTRY--TOPICAL TERM
Topical term or geographic name entry element Public administration
700 ## - ADDED ENTRY--PERSONAL NAME
Personal name Mastruzzi, Massimo
700 ## - ADDED ENTRY--PERSONAL NAME
Personal name Kraay, Aart
773 ## - HOST ITEM ENTRY
Main entry heading World Bank Economic Review
909 ## -
-- 62710
Holdings
Withdrawn status Lost status Damaged status Not for loan Permanent Location Current Location Date acquired Serial Enumeration / chronology Barcode Date last seen Price effective from Koha item type
        Indian Institute of Public Administration Indian Institute of Public Administration 2018-07-19 Volume no: 18, Issue no: 2, AR63160 2018-07-19 2018-07-19 Articles

Powered by Koha